[Event "Cajamarca Reg Norte op"]
[Site "Cajamarca"]
[Date "2012.04.06"]
[Round "4"]
[White "Santivanez Zanabria, Carlos"]
[Black "Pedemonte, Luis"]
[Result "1-0"]
[WhiteElo "1839"]
[BlackElo "1916"]
[PlyCount "97"]
[EventDate "2012.04.05"]
[EventType "swiss"]
[EventRounds "6"]
[EventCountry "PER"]
[SourceTitle "EXT 2013"]
[Source "ChessBase"]
[SourceDate "2012.11.22"]
[SourceVersion "1"]
[SourceVersionDate "2012.11.22"]
[SourceQuality "1"]

1. e4 e5 2. Nf3 Nc6 3. Bb5 Nf6 4. d3 Bc5 5. 0-0 d6 6. h3 h6 7. c3 0-0 8. Re1 Bb6 9. Nbd2 Qe7 10. Nf1 Bd7 11. Ng3 Nh7 12. Qe2 Rad8 13. Be3 Bxe3 14. Qxe3 a6 15. Bc4 Na5 16. Bb3 Nxb3 17. axb3 Qf6 18. Re2 Rfe8 19. Rae1 Nf8 20. Kh2 Ne6 21. Ng1 Nf4 22. Rd2 Bc8 23. N3e2 Ng6 24. Rf1 Kh7 25. f4 exf4 26. Nxf4 Qe5 27. Qg3 Nxf4 28. Qxf4 Qxf4+ 29. Rxf4 f6 30. Rf1 d5 31. exd5 Rxd5 32. d4 Rd7 33. Rff2 Rde7 34. Rfe2 Kg6 35. Kg3 Rxe2 36. Rxe2 Rxe2 37. Nxe2 Kf5 38. Kf3 g5 39. b4 b5 40. Ng3+ Kg6 41. Ke4 f5+ 42. Ke5 f4 43. Ne4 h5 44. b3 Bf5 45. c4 Bxe4 46. Kxe4 Kf6 47. d5 Kg6 48. Ke5 Kf7 49. Kf5 1-0

[Event "Cajamarca Reg Norte op"]
[Site "Cajamarca"]
[Date "2012.04.05"]
[Round "2"]
[White "Saavedra, Moises"]
[Black "Santivanez Zanabria, Carlos"]
[Result "1-0"]
[WhiteElo "2041"]
[BlackElo "1839"]
[PlyCount "101"]
[EventDate "2012.04.05"]
[EventType "swiss"]
[EventRounds "6"]
[EventCountry "PER"]
[SourceTitle "EXT 2013"]
[Source "ChessBase"]
[SourceDate "2012.11.22"]
[SourceVersion "1"]
[SourceVersionDate "2012.11.22"]
[SourceQuality "1"]

1. Nf3 Nf6 2. c4 c6 3. d4 d5 4. Nc3 e6 5. e3 Be7 6. a4 0-0 7. Bd3 Na6 8. 0-0 Nb4 9. Be2 Bd7 10. Bd2 Rc8 11. Qb3 Qc7 12. Rfc1 dxc4 13. Bxc4 Nbd5 14. Bd3 Qb8 15. Ne5 Rfd8 16. Ne4 Nxe4 17. Bxe4 Be8 18. Nd3 b6 19. Rc4 Rc7 20. Qc2 Rdc8 21. b4 f6 22. g3 Bg6 23. Bxg6 hxg6 24. Rc1 b5 25. axb5 cxb5 26. Rxc7 Rxc7 27. Nc5 Bxc5 28. dxc5 Ne7 29. Qb3 Kf7 30. e4 Qb7 31. f3 g5 32. Re1 Rd7 33. Bc3 Rd3 34. Kg2 Qd7 35. Qc2 Nc6 36. Re2 e5 37. Be1 g6 38. Qa2+ Kg7 39. Qc2 Kh6 40. Bd2 Kg7 41. Be1 Kh6 42. Bd2 Kg7 43. Rf2 Kh7 44. Bc3 Kh6 45. Bd2 Kg7 46. Qa2 Kh7 47. Be1 Rd1 48. Bd2 Qd3 49. Qf7+ Kh6 50. Qxf6 Qd7 51. Qh8+ 1-0

[Event "Cajamarca op 3rd"]
[Site "Cajamarca"]
[Date "2011.03.25"]
[Round "1"]
[White "Aguilar Novoa, Juan"]
[Black "Santivanez Zanabria, Carlos"]
[Result "1-0"]
[WhiteElo "2337"]
[BlackElo "1834"]
[PlyCount "61"]
[EventDate "2011.03.25"]
[EventType "swiss"]
[EventRounds "6"]
[EventCountry "PER"]
[SourceTitle "EXT 2024"]
[Source "ChessBase"]
[SourceDate "2023.10.10"]
[SourceVersion "1"]
[SourceVersionDate "2023.10.10"]
[SourceQuality "1"]

1. e4 e5 2. Nf3 Nf6 3. d4 Nxe4 4. Bd3 d5 5. Nxe5 Bd6 6. 0-0 0-0 7. c4 Nf6 8. Nc3 c6 9. Bg5 dxc4 10. Bxc4 Nbd7 11. Re1 Qc7 12. Qe2 b5 13. Bb3 Bb7 14. Rac1 a6 15. Nxd7 Nxd7 16. Qh5 Nb6 17. Ne4 Bf4 18. Nf6+ gxf6 19. Bc2 f5 20. Re7 Qd6 21. Bxf5 h6 22. Re6 Qxe6 23. Bxf4 Qf6 24. Rc3 Rfe8 25. Rg3+ Kf8 26. Bxh6+ Ke7 27. Bg5 Kf8 28. Bh6+ Ke7 29. Re3+ Kd6 30. Bf4+ Kd5 31. Be6+ 1-0

[Event "Cajamarca op 2nd"]
[Site "Cajamarca"]
[Date "2010.12.04"]
[Round "2"]
[White "Santivanez Zanabria, Carlos"]
[Black "Moreno, William"]
[Result "0-1"]
[WhiteElo "1824"]
[BlackElo "2138"]
[PlyCount "70"]
[EventDate "2010.12.03"]
[EventType "swiss"]
[EventRounds "7"]
[EventCountry "PER"]
[SourceTitle "EXT 2024"]
[Source "ChessBase"]
[SourceDate "2023.10.10"]
[SourceVersion "1"]
[SourceVersionDate "2023.10.10"]
[SourceQuality "1"]

1. e4 c5 2. Nf3 d6 3. d4 cxd4 4. Nxd4 Nf6 5. Nc3 g6 6. f3 Bg7 7. Be3 Nc6 8. Qd2 0-0 9. 0-0-0 Nxd4 10. Bxd4 Be6 11. g4 Qa5 12. Kb1 Rfc8 13. Nd5 Qxd2 14. Nxf6+ Bxf6 15. Rxd2 Bxd4 16. Rxd4 Rc5 17. Be2 Rac8 18. c3 g5 19. h4 h6 20. h5 Kg7 21. Kc2 a5 22. a4 Kf6 23. Kd2 d5 24. Ke3 dxe4 25. Kxe4 Re5+ 26. Kd3 b5 27. axb5 Rxb5 28. b4 axb4 29. cxb4 Bb3 30. f4 Rd5 31. Ke4 Rxd4+ 32. Kxd4 gxf4 33. b5 e5+ 34. Ke4 Rc3 35. Bd3 Ke6 0-1